Русская литература

Dades bibliogràfiques
Sumari:Исключено из фонда НТБ ТПУ
Idioma:rus
Publicat: Москва, 1986
Edició:изд. 14-е
Format: MixedMaterials Llibre
KOHA link:https://koha.lib.tpu.ru/cgi-bin/koha/opac-detail.pl?biblionumber=51863

MARC

LEADER 00000nam0a2200000 4500
001 51863
005 20231031041036.0
035 |a (RuTPU)RU\TPU\book\54305 
090 |a 51863 
100 |a 20030513d m y0rusy50 ca 
101 0 |a rus 
102 |a RU 
105 |a a z 001zy 
200 1 |a Русская литература 
205 |a изд. 14-е 
210 |a Москва  |d 1986 
333 |a Исключено из фонда НТБ ТПУ 
675 |a 8Р1  |v 3 
801 1 |a RU  |b 63413507  |c 20030513  |g PSBO 
801 2 |a RU  |b 63413507  |c 20200619  |g PSBO 
942 |c BK